000 00391 a2200169 4500
001 73771
020 _a9788577990467
040 _cAnchieta - Colégio São Paulo
100 _aSteinbeck, John
240 1 0 _aAs vinhas da ira
_lpor
245 1 0 _aAs vinhas da ira
300 _a585
362 0 _a2008
440 1 _aBestBolso
650 4 _aFicção norte-americana em inglês
942 _cBK
999 _c73771
_d73771